Bytový dom Pod Zábrehom II. Etapa

Enregistré dans:
Détails bibliographiques
Auteur principal: Jurkeník, Martin (Auteur)
Autres auteurs: Petro, Marek (Directeur de thèse)
Format: Manuscrit Livre
Langue:slovaque
Publié: 2023
Sujets:
Accès en ligne:http://is.stuba.sk/zp/portal_zp.pl?podrobnosti=162781
https://opac.crzp.sk/?fn=detailBiblioForm&sid=EC7951772ACC837B597CC2A56A1E
Tags: Ajouter un tag
Pas de tags, Soyez le premier à ajouter un tag!

MARC

LEADER 00000ntm a22000003a 4500
001 stuzp94180
003 SK-STU
005 20230918155226.7
007 ta
008 150427s2015----xo-----f-mn---000-0-slo-d
040 |a STU  |b slo 
041 0 |a slo 
100 1 |a Jurkeník, Martin  |u 010270  |4 aut  |U SvF Stavebná fakulta  |T SvF Katedra technológie stavieb  |X 92911  |U V270  |Y 28  |7 92911 
242 0 1 |a Apartment house Pod Zábrehom II. Etapa  |y eng 
245 1 0 |a Bytový dom Pod Zábrehom II. Etapa 
260 |c 2023 
650 4 |a Zariadenie staveniska  |2 slo 
650 4 |a Návrh žeriavov  |2 slo 
650 4 |a Časový harmonogram  |2 slo 
650 4 |a site equipment  |2 eng 
650 4 |a design of cranes  |2 eng 
650 4 |a time schedule  |2 eng 
700 1 |a Petro, Marek  |u 010270  |k Z8  |4 ths  |U SvF Stavebná fakulta  |T SvF Katedra technológie stavieb  |X 18958  |U V270  |Y 28  |7 A000018958 
856 4 |u http://is.stuba.sk/zp/portal_zp.pl?podrobnosti=162781 
856 4 |u https://opac.crzp.sk/?fn=detailBiblioForm&sid=EC7951772ACC837B597CC2A56A1E